000 00330nam a22001457a 4500
003 SGT
082 _a543.1,AGA
100 _aAGARWAL, S. K.
245 _aADVANCED INORGANIC ANALYSIS
250 _a12TH
260 _aNEW DELHI
_bPRAGATI PRAKASHAN
_c2014
300 _a468
650 _aANALYTICAL CHEMISTRY
942 _2ddc
_cFPS
_01
999 _c10022
_d10022